[Event "79th POL-ch"]
[Site "Kruszwica POL"]
[Date "2022.05.12"]
[Round "2.2"]
[White "Bartel, Mateusz"]
[Black "Moranda, Wojciech"]
[Result "1/2-1/2"]
[WhiteElo "2619"]
[BlackElo "2630"]
[EventDate "2022.05.09"]
[PlyCount "106"]

1.e4 c6 2.d4 d5 3.exd5 cxd5 4.Nf3 Nc6 5.c4 Nf6 6.h3 dxc4 7.Bxc4 e6 8.O-O 
Be7 9.Nc3 O-O 10.a3 b6 11.Re1 Bb7 12.Ba2 Rc8 13.Bf4 Na5 14.Qd3 Nd5 15.Bb1 
f5 16.Ne2 Nc4 17.Ba2 b5 18.Ne5 Bd6 19.Qg3 Bxe5 20.Bxe5 Rf7 21.Rac1 a6 22.
Rc2 Qf8 23.Bxc4 bxc4 24.Nf4 Nxf4 25.Qxf4 Bd5 26.Rc3 Rd8 27.Rg3 Rdd7 28.h4 
Qc8 29.h5 Kf8 30.Rc1 Qb7 31.Qd2 Ke8 32.h6 g6 33.Rgc3 Rd8 34.f3 Qb5 35.R1c2
Rb7 36.Qg5 Qd7 37.Re2 Rc8 38.Qf4 Rc6 39.Qg5 Qe7 40.Bf6 Qd6 41.Rec2 a5 42.
Qd2 Kf7 43.Be5 Qd8 44.Bf4 Rcb6 45.Qf2 Qf6 46.Qd2 Qd8 47.Bg5 Qb8 48.Bf4 Qd8
49.Bg3 Qf6 50.Be5 Qh4 51.Qc1 Rxb2 52.Rxb2 Rxb2 53.Qxb2 Qe1+ 1/2-1/2

[Event "79th POL-ch"]
[Site "Kruszwica POL"]
[Date "2022.05.11"]
[Round "2.1"]
[White "Socko, Bartosz"]
[Black "Tomczak, Jacek"]
[Result "0-1"]
[WhiteElo "2636"]
[BlackElo "2584"]
[EventDate "2022.05.09"]
[PlyCount "56"]

1.d4 Nf6 2.c4 g6 3.g3 Bg7 4.Bg2 c5 5.dxc5 Na6 6.Nc3 Nxc5 7.e4 Qa5 8.Bd2 
Qb6 9.Qe2 Qxb2 10.Rb1 Qc2 11.Qd1 Qxd1+ 12.Kxd1 d6 13.Ke2 O-O 14.Be3 Be6 
15.Nd5 Nfxe4 16.Bxe4 Nxe4 17.Nxe7+ Kh8 18.Kd3 Nc5+ 19.Bxc5 dxc5 20.Rxb7 
Rfd8+ 21.Kc2 Bxc4 22.Nf3 Bd3+ 23.Kb3 Rab8 24.Rxb8 Rxb8+ 25.Ka4 Bc2+ 26.Ka5
Be4 27.Ng5 Bc3+ 28.Ka6 Bxh1 0-1

[Event "79th POL-ch"]
[Site "Kruszwica POL"]
[Date "2022.05.12"]
[Round "2.2"]
[White "Tomczak, Jacek"]
[Black "Socko, Bartosz"]
[Result "0-1"]
[WhiteElo "2584"]
[BlackElo "2636"]
[EventDate "2022.05.09"]
[PlyCount "76"]

1.e4 c6 2.Nc3 d5 3.Nf3 Bg4 4.h3 Bxf3 5.Qxf3 e6 6.Be2 Nf6 7.O-O Be7 8.Rd1 
d4 9.Nb1 O-O 10.d3 c5 11.Qg3 Nc6 12.e5 Ne8 13.c4 f6 14.exf6 Bd6 15.Bf4 
Bxf4 16.Qxf4 gxf6 17.Nd2 e5 18.Qh4 Nd6 19.Rab1 Kh8 20.a3 Ne7 21.Bh5 Qd7 
22.Ne4 Ndf5 23.Qg4 Qc6 24.Kh2 Ng7 25.Qe2 f5 26.Ng3 Qc7 27.Bf3 Rae8 28.b4 
cxb4 29.Rxb4 b6 30.Rb5 Ng6 31.Re1 Ne6 32.Qd2 Nc5 33.Bh5 Re6 34.Qh6 Qe7 35.
Bxg6 Rxg6 36.Rxe5 Qd6 37.Qf4 Nxd3 38.Qxf5 Rxf5 0-1

[Event "79th POL-ch"]
[Site "Kruszwica POL"]
[Date "2022.05.12"]
[Round "2.3"]
[White "Tomczak, Jacek"]
[Black "Socko, Bartosz"]
[Result "1-0"]
[WhiteElo "2584"]
[BlackElo "2636"]
[EventDate "2022.05.09"]
[PlyCount "93"]

1.e4 c6 2.Nc3 d5 3.Nf3 Bg4 4.h3 Bxf3 5.Qxf3 e6 6.Be2 Bc5 7.O-O Nd7 8.Qg3 
Bd4 9.exd5 exd5 10.Bd1 Ne7 11.Ne2 Bf6 12.d4 O-O 13.c3 Re8 14.Bc2 Ng6 15.
Qd3 Qc7 16.g3 Ndf8 17.h4 Qd7 18.h5 Ne7 19.Qf3 Nc8 20.h6 Ng6 21.Nf4 Nxf4 
22.Qxf4 Ne7 23.hxg7 Bxg7 24.Kg2 Ng6 25.Qf3 c5 26.Rh1 cxd4 27.Qh5 Kf8 28.
Bh6 Bxh6 29.Qxh6+ Ke7 30.Qg5+ Kd6 31.Rxh7 d3 32.Bxd3 Ne5 33.Rd1 Kc7 34.Be4
Rad8 35.Rxd5 Qe6 36.Rxd8 Rxd8 37.Rh6 Qe8 38.Rh5 Nc6 39.Qf4+ Kb6 40.b4 a6 
41.Qe3+ Kc7 42.a4 Kb8 43.b5 axb5 44.axb5 Na5 45.Qf4+ Ka8 46.Bf3 Qe1 47.Qc7
1-0

[Event "79th POL-ch"]
[Site "Kruszwica POL"]
[Date "2022.05.12"]
[Round "2.4"]
[White "Socko, Bartosz"]
[Black "Tomczak, Jacek"]
[Result "1-0"]
[WhiteElo "2636"]
[BlackElo "2584"]
[EventDate "2022.05.09"]
[PlyCount "142"]

1.d4 Nf6 2.c4 e6 3.g3 c5 4.Nf3 cxd4 5.Nxd4 d5 6.Bg2 e5 7.Nf3 d4 8.O-O Nc6 
9.e3 Be7 10.exd4 exd4 11.Bf4 O-O 12.Ne5 Qb6 13.Qb3 Nxe5 14.Qxb6 axb6 15.
Bxe5 d3 16.Rd1 Nd7 17.Bd4 Rd8 18.Nc3 Bc5 19.Bxc5 Nxc5 20.b4 Na4 21.Nxa4 
Rxa4 22.a3 Rd4 23.Re1 Be6 24.Bd5 d2 25.Red1 Bxd5 26.cxd5 Rxd5 27.Ra2 Kf8 
28.Raxd2 Rxd2 29.Rxd2 Rxa3 30.Rd6 Rc3 31.Rxb6 Rc7 32.Kg2 Ke7 33.h4 Rd7 34.
h5 h6 35.Kf3 Kd8 36.Ke4 Kc7 37.Rb5 Rd2 38.f3 Rb2 39.Kd4 Kc6 40.Rc5+ Kd6 
41.Rd5+ Kc6 42.Rc5+ Kd6 43.Kc3 Rg2 44.g4 g6 45.Kd4 Rb2 46.Rd5+ Kc7 47.Kc5 
Rc2+ 48.Kb5 Rf2 49.Rd3 gxh5 50.gxh5 b6 51.Rc3+ Kb7 52.Re3 f5 53.Re7+ Kc8 
54.Kxb6 Rxf3 55.Rh7 Rh3 56.Rxh6 f4 57.b5 f3 58.Rf6 Kd7 59.Ka6 Rxh5 60.Rxf3
Rh1 61.b6 Rb1 62.Kb7 Rd1 63.Rc3 Rd2 64.Kb8 Rb2 65.b7 Ra2 66.Rd3+ Ke6 67.
Rd8 Ra1 68.Rd4 Ke5 69.Rb4 Ke6 70.Kc7 Rc1+ 71.Kb6 Kd5 1-0

[Event "79th POL-ch"]
[Site "Kruszwica POL"]
[Date "2022.05.12"]
[Round "2.5"]
[White "Tomczak, Jacek"]
[Black "Socko, Bartosz"]
[Result "1-0"]
[WhiteElo "2584"]
[BlackElo "2636"]
[EventDate "2022.05.09"]
[PlyCount "165"]

1.e4 c6 2.Nc3 d5 3.Nf3 Bg4 4.h3 Bxf3 5.Qxf3 e6 6.Be2 Bc5 7.O-O Nd7 8.Qg3 
Bd4 9.exd5 exd5 10.Bd1 Ne7 11.Ne2 Be5 12.Qf3 O-O 13.d4 Bc7 14.c3 Nf6 15.
Bc2 Ng6 16.Bg5 Qd6 17.g3 Ne4 18.Bxe4 dxe4 19.Qxe4 Rae8 20.Qf3 Qe6 21.Nf4 
Bxf4 22.Bxf4 Nxf4 23.Qxf4 Qxh3 24.Rfe1 Qd7 25.Qf3 Re6 26.Rxe6 Qxe6 27.Qe3 
Re8 28.Qxe6 Rxe6 29.Kf1 f5 30.a4 Kf7 31.a5 a6 32.Ra4 g5 33.Rc4 Kf6 34.Kg2 
h5 35.Rb4 Re7 36.Rc4 Re2 37.Rb4 Re7 38.Rc4 g4 39.Kf1 Kg5 40.Rc5 Kf6 41.Rc4
Kg6 42.Rc5 Kg5 43.b4 Kf6 44.d5 cxd5 45.Rxd5 Rc7 46.Rd6+ Ke5 47.Rb6 f4 48.
gxf4+ Kxf4 49.Kg2 h4 50.Rf6+ Ke5 51.Rh6 h3+ 52.Kg3 Rxc3+ 53.Kxg4 Rc4+ 54.
Kg5 Rxb4 55.Rxh3 Rb1 56.Re3+ Kd4 57.Re7 Kd5 58.f4 Kd6 59.Rh7 Kc6 60.f5 Rb5
61.Kg6 Rxa5 62.f6 Rd5 63.f7 Rd8 64.Rg7 Rf8 65.Rg8 Rxf7 66.Kxf7 Kd5 67.Kf6 
b5 68.Kf5 Kd4 69.Kf4 Kd3 70.Rd8+ Kc2 71.Ke3 b4 72.Rc8+ Kb2 73.Kd3 b3 74.
Ra8 Kc1 75.Rc8+ Kb2 76.Rc5 Kb1 77.Kc3 b2 78.Kb3 a5 79.Rxa5 Kc1 80.Rc5+ Kb1
81.Rc6 Ka1 82.Ra6+ Kb1 83.Ra2 1-0

[Event "79th POL-ch"]
[Site "Kruszwica POL"]
[Date "2022.05.12"]
[Round "2.6"]
[White "Socko, Bartosz"]
[Black "Tomczak, Jacek"]
[Result "1/2-1/2"]
[WhiteElo "2636"]
[BlackElo "2584"]
[EventDate "2022.05.09"]
[PlyCount "130"]

1.d4 Nf6 2.c4 e6 3.g3 c5 4.Nf3 cxd4 5.Nxd4 d5 6.Bg2 e5 7.Nf3 d4 8.O-O Nc6 
9.e3 Be7 10.exd4 exd4 11.Bf4 Be6 12.Nbd2 O-O 13.Ne5 Rc8 14.Nxc6 bxc6 15.
Qa4 Qb6 16.b3 Bb4 17.a3 Bc3 18.Rab1 Bf5 19.Rbc1 Nh5 20.c5 Qxc5 21.Nf3 Nxf4
22.gxf4 Be4 23.Ne5 Bxg2 24.Kxg2 Qd5+ 25.f3 f6 26.Nd3 a5 27.Rfd1 Rfe8 28.
Nf2 Re3 29.Qc4 Qxc4 30.bxc4 Rb8 31.Rb1 Rxb1 32.Rxb1 Kf7 33.f5 Re2 34.Rb7+ 
Kf8 35.Kf1 Re1+ 36.Kg2 Re2 37.Rd7 Be1 38.Kf1 Rxf2+ 39.Kxe1 Rxf3 40.a4 Rxf5
41.Rxd4 Ke7 42.Ke2 Rh5 43.h4 g5 44.hxg5 fxg5 45.c5 Rh6 46.Kf3 Rf6+ 47.Kg3 
Rf5 48.Rd6 Rxc5 49.Rh6 Rc4 50.Rxh7+ Kd6 51.Rg7 Kc5 52.Rxg5+ Kb4 53.Kf3 
Kxa4 54.Ke3 Kb4 55.Kd3 a4 56.Rg8 Rc3+ 57.Kd2 Rh3 58.Kc2 Rh2+ 59.Kb1 c5 60.
Rb8+ Kc3 61.Rg8 c4 62.Rg7 Kb3 63.Rb7+ Kc3 64.Rg7 Kb3 65.Rb7+ Kc3 1/2-1/2

[Event "79th POL-ch"]
[Site "Kruszwica POL"]
[Date "2022.05.11"]
[Round "2.1"]
[White "Teclaf, Pawel"]
[Black "Piorun, Kacper"]
[Result "1/2-1/2"]
[WhiteElo "2537"]
[BlackElo "2635"]
[EventDate "2022.05.09"]
[PlyCount "60"]

1.e4 e6 2.d4 d5 3.Nd2 c5 4.Ngf3 cxd4 5.Nxd4 Nc6 6.Bb5 Bd7 7.Nxc6 bxc6 8.
Bd3 Bd6 9.Qe2 e5 10.exd5 cxd5 11.c4 Ne7 12.cxd5 Nxd5 13.Nc4 Bb4+ 14.Bd2 
O-O 15.Bxh7+ Kxh7 16.Qe4+ Kg8 17.Qxd5 Bxd2+ 18.Qxd2 Be6 19.Rc1 Rc8 20.b3 
Bxc4 21.bxc4 Rc5 22.Qxd8 Rxd8 23.Ke2 Rd4 24.Rhd1 Rdxc4 25.Rxc4 Rxc4 26.
Rd8+ Kh7 27.Rd7 Rc2+ 28.Ke3 Rxa2 29.Rxf7 Kg6 30.Rb7 Kf6 1/2-1/2

[Event "79th POL-ch"]
[Site "Kruszwica POL"]
[Date "2022.05.12"]
[Round "2.2"]
[White "Piorun, Kacper"]
[Black "Teclaf, Pawel"]
[Result "1/2-1/2"]
[WhiteElo "2635"]
[BlackElo "2537"]
[EventDate "2022.05.09"]
[PlyCount "69"]

1.d4 d5 2.c4 dxc4 3.e3 e6 4.Bxc4 Nf6 5.Nf3 c5 6.O-O a6 7.Nbd2 Nc6 8.dxc5 
Bxc5 9.b3 b5 10.Be2 Bb7 11.Bb2 O-O 12.a4 Qb6 13.Qb1 Be7 14.axb5 axb5 15.
Qd3 Ba6 16.Rfc1 Rfd8 17.Qb1 Bb7 18.Nd4 Bc5 19.N2f3 Nxd4 20.Bxd4 Bxd4 21.
Rxa8 Bxa8 22.Nxd4 b4 23.Qc2 Nd5 24.Qc5 Qxc5 25.Rxc5 Nc3 26.Bf3 h6 27.h3 
Bxf3 28.gxf3 Ra8 29.Nc2 Ne2+ 30.Kg2 Nc1 31.Nxb4 Nxb3 32.Rc3 Na5 33.Nd3 Rd8
34.Ne5 f6 35.Nc6 1/2-1/2

[Event "79th POL-ch"]
[Site "Kruszwica POL"]
[Date "2022.05.12"]
[Round "2.3"]
[White "Piorun, Kacper"]
[Black "Teclaf, Pawel"]
[Result "1/2-1/2"]
[WhiteElo "2635"]
[BlackElo "2537"]
[EventDate "2022.05.09"]
[PlyCount "165"]

1.c4 c5 2.Nf3 b6 3.g3 Bb7 4.Bg2 g6 5.d4 cxd4 6.Qxd4 Nf6 7.Nc3 d6 8.O-O 
Nbd7 9.b3 Bg7 10.Bb2 O-O 11.Qd2 Rc8 12.Rfd1 Rc5 13.Nh4 Qa8 14.Bxb7 Qxb7 
15.Ng2 Ne4 16.Nxe4 Qxe4 17.Bxg7 Kxg7 18.Ne3 Nf6 19.f3 Qe5 20.b4 Rc6 21.
Rab1 h5 22.Qd4 Qxd4 23.Rxd4 Rfc8 24.Rd3 Kf8 25.Ra3 R6c7 26.Nd5 Nxd5 27.
cxd5 Rc2 28.Kf2 Rd2 29.Rxa7 Rcc2 30.Re1 Rxd5 31.a4 Rd4 32.b5 Rb4 33.Ra6 
Kg7 34.h4 Kf6 35.Ra1 Rbb2 36.Re1 Ra2 37.Rxb6 Rxa4 38.Rb7 Rb4 39.b6 Rbb2 
40.Rb8 Rc6 41.Rd1 Rcxb6 42.Ra8 Rc2 43.Ra4 e6 44.Rf4+ Kg7 45.Re4 d5 46.Re3 
Kf6 47.Ra1 Rbb2 48.Rd1 Rd2 49.Rxd2 Rxd2 50.Ra3 Kf5 51.Ra7 f6 52.Ra5 Rb2 
53.Kf1 Ke5 54.Kf2 Rb7 55.Kf1 g5 56.hxg5 fxg5 57.Ra8 h4 58.gxh4 gxh4 59.Rh8
Rb4 60.Kf2 Rc4 61.Ke3 Kf5 62.Kf2 Ra4 63.Ke3 Kg5 64.Rg8+ Kf6 65.Rh8 Kg7 66.
Rh5 Kg6 67.Rh8 e5 68.Kf2 Rf4 69.Re8 Kf6 70.Rh8 Kg6 71.Kg2 d4 72.Kh3 e4 73.
fxe4 Rxe4 74.Rxh4 Re3+ 75.Kg2 Rxe2+ 76.Kf3 Rd2 77.Ke4 Kg5 78.Rh8 Rd1 79.
Rd8 Re1+ 80.Kd3 Rd1+ 81.Ke4 Re1+ 82.Kd3 Rd1+ 83.Ke4 1/2-1/2

[Event "79th POL-ch"]
[Site "Kruszwica POL"]
[Date "2022.05.12"]
[Round "2.4"]
[White "Teclaf, Pawel"]
[Black "Piorun, Kacper"]
[Result "1/2-1/2"]
[WhiteElo "2537"]
[BlackElo "2635"]
[EventDate "2022.05.09"]
[PlyCount "115"]

1.e4 e6 2.d4 d5 3.Nd2 c5 4.Ngf3 cxd4 5.Nxd4 Nc6 6.Bb5 Bd7 7.Nxc6 bxc6 8.
Bd3 Bd6 9.Qe2 e5 10.c4 d4 11.c5 Bxc5 12.O-O Ne7 13.Qh5 Ng6 14.f4 Qe7 15.
Nb3 Bd6 16.f5 Nf4 17.Bxf4 exf4 18.e5 Bxe5 19.Rfe1 Kd8 20.Rac1 Rb8 21.Na5 
Rb6 22.Qf3 Re8 23.Nc4 f6 24.Nxb6 axb6 25.Bb5 d3 26.Bxd3 Qb4 27.Kh1 Qxb2 
28.Be4 c5 29.Rcd1 Bd4 30.Qxf4 Re5 31.Bf3 Qxa2 32.Rxe5 Bxe5 33.Qh4 h6 34.
Qg4 Qf7 35.Qa4 Bd4 36.Qa8+ Bc8 37.Re1 Be5 38.Qc6 Qc7 39.Qd5+ Qd7 40.Qb3 
Kc7 41.Qa2 Kd8 42.Qg8+ Kc7 43.Qa2 Kd8 44.Rb1 b5 45.Qg8+ Kc7 46.Qa2 Kd8 47.
Qa5+ Bc7 48.Qc3 Qxf5 49.Rxb5 Qe5 50.Qxe5 Bxe5 51.Rxc5 Be6 52.Rc1 Ke7 53.
Rb1 f5 54.Rb7+ Kf6 55.Rb6 Kf7 56.Bh5+ Ke7 57.Bf3 Kf7 58.Rb5 1/2-1/2

[Event "79th POL-ch"]
[Site "Kruszwica POL"]
[Date "2022.05.12"]
[Round "2.5"]
[White "Teclaf, Pawel"]
[Black "Piorun, Kacper"]
[Result "1-0"]
[WhiteElo "2537"]
[BlackElo "2635"]
[EventDate "2022.05.09"]
[PlyCount "155"]

1.e4 e5 2.Nf3 Nc6 3.Bb5 Nf6 4.d3 Bc5 5.O-O Nd4 6.Nxd4 Bxd4 7.c3 Bb6 8.Na3 
c6 9.Ba4 d6 10.Bc2 O-O 11.Bg5 d5 12.h3 Be6 13.Qe2 Re8 14.exd5 Bxd5 15.Rad1
Bc7 16.Nc4 h6 17.Bh4 Bxc4 18.dxc4 Qe7 19.Bxf6 Qxf6 20.Rd7 Re7 21.Rfd1 g6 
22.c5 Kg7 23.Qe4 Qe6 24.Rxe7 Qxe7 25.Bb3 Rd8 26.Rxd8 Qxd8 27.Qc4 Qe7 28.
Qb4 e4 29.Kf1 Qd7 30.Qxe4 Qd2 31.Qd4+ Qxd4 32.cxd4 Kf6 33.g3 Ke7 34.Ke2 f6
35.Bg8 Ba5 36.a3 Bc7 37.b4 b6 38.Kd3 bxc5 39.dxc5 Be5 40.g4 Bb2 41.a4 Ba3 
42.Kc4 Bb2 43.b5 Kd7 44.Bh7 g5 45.Be4 cxb5+ 46.axb5 Be5 47.Kd5 Bf4 48.Bf5+
Kc7 49.Ke6 Be5 50.Kd5 Bc3 51.c6 Bb2 52.f3 Be5 53.Ke6 Bd4 54.Kf7 a6 55.bxa6
Kxc6 56.Kg6 Kd6 57.Kxh6 Ke7 58.Kg6 Be3 59.Bc2 Bd4 60.Bb3 Be3 61.Kh5 Bd4 
62.h4 Be3 63.hxg5 fxg5 64.Kg6 Kd6 65.a7 Bxa7 66.Kxg5 Be3+ 67.Kf6 Bd4+ 68.
Kf5 Ke7 69.f4 Be3 70.Ke5 Bc1 71.g5 Bd2 72.Kf5 Kf8 73.Kg4 Kg7 74.f5 Bc1 75.
Bc4 Bd2 76.f6+ Kg6 77.Bd3+ Kf7 78.Kf5 1-0

[Event "79th POL-ch"]
[Site "Kruszwica POL"]
[Date "2022.05.12"]
[Round "2.6"]
[White "Piorun, Kacper"]
[Black "Teclaf, Pawel"]
[Result "1-0"]
[WhiteElo "2635"]
[BlackElo "2537"]
[EventDate "2022.05.09"]
[PlyCount "161"]

1.d4 d5 2.c4 dxc4 3.e3 e5 4.Nf3 exd4 5.Bxc4 Bd6 6.Nxd4 Nf6 7.Nc3 O-O 8.Qc2
Nbd7 9.b3 Ne5 10.Be2 Qe7 11.h3 Rd8 12.Bb2 Ba3 13.Bxa3 Qxa3 14.O-O Qe7 15.
Rab1 a5 16.a3 h6 17.b4 axb4 18.axb4 Bd7 19.Rfc1 Rac8 20.Na4 Bxa4 21.Qxa4 
c6 22.Qa7 Nd5 23.Qc5 Qf6 24.Qc2 Ne7 25.Qe4 N5g6 26.Bg4 Ra8 27.b5 Re8 28.
Bd7 Red8 29.bxc6 bxc6 30.Bxc6 Rab8 31.Rxb8 Rxb8 32.Bb5 Qd6 33.Bd3 Qd7 34.
h4 Nd5 35.h5 Nf6 36.Qc6 Ne5 37.Qxd7 Nexd7 38.Be2 Ne5 39.Kh2 Re8 40.Kg1 Kf8
41.Rb1 Rc8 42.f4 Neg4 43.e4 Ne3 44.e5 Ne4 45.Bf3 Nc3 46.Re1 Ned5 47.g3 Rd8
48.Nf5 Ne7 49.Nd6 Nc8 50.Nb7 Rd3 51.Kg2 Rd2+ 52.Kf1 Rd3 53.Kf2 Nb6 54.Nc5 
Rd2+ 55.Kf1 Nc4 56.Rc1 Ne3+ 57.Ke1 Rc2 58.Rxc2 Nxc2+ 59.Kd2 Nd4 60.Kxc3 
Nxf3 61.Kd3 Ke7 62.Ke3 Ne1 63.Kd2 Nf3+ 64.Ke2 Nd4+ 65.Ke3 Nf5+ 66.Kf3 f6 
67.g4 Nd4+ 68.Ke4 fxe5 69.fxe5 Nc6 70.Kf5 Kf7 71.e6+ Ke7 72.Kg6 Ne5+ 73.
Kxg7 Nxg4 74.Kg6 Kd6 75.Kf7 Ne5+ 76.Kg7 Nc6 77.Kxh6 Kxc5 78.Kg7 Kd6 79.h6 
Nd8 80.h7 Nxe6+ 81.Kf6 1-0

[Event "79th POL-ch"]
[Site "Kruszwica POL"]
[Date "2022.05.12"]
[Round "2.7"]
[White "Piorun, Kacper"]
[Black "Teclaf, Pawel"]
[Result "1-0"]
[WhiteElo "2635"]
[BlackElo "2537"]
[EventDate "2022.05.09"]
[PlyCount "110"]

1.d4 e6 2.c4 b6 3.e4 Bb7 4.Nd2 Nf6 5.Bd3 Bb4 6.Qe2 d6 7.a3 Bxd2+ 8.Bxd2 e5
9.Nf3 Nc6 10.d5 Ne7 11.b4 Nd7 12.g3 O-O 13.Nh4 c6 14.O-O a5 15.dxc6 Bxc6 
16.Ng2 Re8 17.Ne3 Nf8 18.Nd5 Ne6 19.Be3 Rb8 20.f3 Ba8 21.Qf2 Nd4 22.Bxd4 
exd4 23.Nxe7+ Qxe7 24.Qxd4 h5 25.h4 Qc7 26.Kg2 Bc6 27.Rfd1 Red8 28.Qe3 Bd7
29.Qg5 axb4 30.axb4 Be6 31.Rac1 Ra8 32.Rc2 Ra4 33.Qxh5 Rxb4 34.e5 dxe5 35.
Qh7+ Kf8 36.Qh8+ Ke7 37.Qxg7 e4 38.Qg5+ Kf8 39.fxe4 Rb3 40.Rcd2 Ke8 41.h5 
Qe7 42.Qf4 Kf8 43.Bc2 Rxd2+ 44.Rxd2 Rb2 45.h6 Kg8 46.e5 Qb7+ 47.Kh2 Qe7 
48.h7+ Kh8 49.Qd4 Bd7 50.e6+ f6 51.exd7 Rxc2 52.d8=Q+ Qxd8 53.Qxd8+ Kxh7 
54.Rf2 f5 55.Qd6 Rxf2+ 1-0

[Event "79th POL-ch"]
[Site "Kruszwica POL"]
[Date "2022.05.11"]
[Round "2.1"]
[White "Warakomski, Tomasz"]
[Black "Gumularz, Szymon"]
[Result "1/2-1/2"]
[WhiteElo "2534"]
[BlackElo "2513"]
[EventDate "2022.05.11"]
[PlyCount "52"]

1.e4 e5 2.Nf3 Nc6 3.Bc4 Bc5 4.O-O Nf6 5.d3 d6 6.c3 a5 7.Re1 O-O 8.h3 h6 9.
Nbd2 Be6 10.Bb5 Nd7 11.Nf1 f5 12.exf5 Bxf5 13.d4 Bb6 14.Ng3 Bg6 15.Be3 
exd4 16.Nxd4 Nxd4 17.Bxd4 Bxd4 18.Qxd4 Ne5 19.f4 Nc6 20.Bxc6 bxc6 21.Re6 
c5 22.Qe3 Rf6 23.Re7 Rf7 24.Re6 Rf6 25.Re7 Rf7 26.Re6 Rf6 1/2-1/2

[Event "79th POL-ch"]
[Site "Kruszwica POL"]
[Date "2022.05.12"]
[Round "2.2"]
[White "Gumularz, Szymon"]
[Black "Warakomski, Tomasz"]
[Result "1/2-1/2"]
[WhiteElo "2513"]
[BlackElo "2534"]
[EventDate "2022.05.11"]
[PlyCount "83"]

1.d4 Nf6 2.Nf3 d5 3.c4 e6 4.Nc3 dxc4 5.e4 b5 6.e5 Nd5 7.Nxb5 Nb6 8.Be2 Be7
9.Be3 Nc6 10.a3 O-O 11.Qc2 Rb8 12.Nc3 Na5 13.Rd1 Bb7 14.h4 Nd5 15.Bd2 Nb3 
16.Bxc4 Nxd2 17.Qxd2 Nb6 18.Ba2 Bxf3 19.gxf3 Qd7 20.Qc2 Qc6 21.Qe4 Qxe4+ 
22.fxe4 Nd7 23.Na4 c5 24.f4 cxd4 25.Rxd4 Nc5 26.Rh2 Rfc8 27.Nxc5 Bxc5 28.
Rd3 Rd8 29.Rxd8+ Rxd8 30.Rc2 Be3 31.f5 Re8 32.fxe6 fxe6 33.Rc6 Kf7 34.Ra6 
Re7 35.Ke2 Bd4 36.b4 Bxe5 37.Kf3 h5 38.b5 Kf6 39.a4 Bd4 40.Kf4 Be5+ 41.Kf3
Bd4 42.Kf4 1/2-1/2

[Event "79th POL-ch"]
[Site "Kruszwica POL"]
[Date "2022.05.12"]
[Round "2.3"]
[White "Warakomski, Tomasz"]
[Black "Gumularz, Szymon"]
[Result "0-1"]
[WhiteElo "2534"]
[BlackElo "2513"]
[EventDate "2022.05.11"]
[PlyCount "60"]

1.c4 Nf6 2.g3 c6 3.b3 d5 4.Bb2 Bf5 5.Nf3 e6 6.Bg2 Be7 7.O-O O-O 8.d3 h6 9.
Nbd2 Nbd7 10.a3 a5 11.Rc1 Bh7 12.Rc2 Bd6 13.Qa1 Qe7 14.Re1 Rfe8 15.e4 dxe4
16.dxe4 e5 17.Nh4 Qe6 18.h3 Nc5 19.Rc3 Bf8 20.Qb1 Rad8 21.Nf1 Nfxe4 22.
Rxe4 g5 23.Rce3 gxh4 24.Rg4+ Qxg4 25.Qxh7+ Kxh7 26.hxg4 hxg3 27.Nxg3 Kg8 
28.Nh5 Rd1+ 29.Kh2 Re6 30.Bxe5 Rxe5 0-1

[Event "79th POL-ch"]
[Site "Kruszwica POL"]
[Date "2022.05.12"]
[Round "2.4"]
[White "Gumularz, Szymon"]
[Black "Warakomski, Tomasz"]
[Result "1-0"]
[WhiteElo "2513"]
[BlackElo "2534"]
[EventDate "2022.05.11"]
[PlyCount "89"]

1.d4 f5 2.Nf3 Nf6 3.c4 g6 4.e3 Bg7 5.b4 O-O 6.Bb2 d6 7.Nc3 Qe8 8.c5 a5 9.
a3 Kh8 10.Bc4 c6 11.cxd6 exd6 12.O-O Nbd7 13.b5 Ne4 14.Qc2 Nb6 15.Be2 Nxc3
16.Bxc3 cxb5 17.d5 Nxd5 18.Bxg7+ Kxg7 19.Rfd1 Nf6 20.Rxd6 Ra6 21.Rd4 Rf7 
22.Qb2 Bd7 23.Rad1 h6 24.h4 Kh7 25.Bxb5 Rb6 26.Bxd7 Rxb2 27.Bxe8 Nxe8 28.
Ne5 Rg7 29.Rd8 Nc7 30.Rb8 Ne6 31.Rd6 Re7 32.Nc6 Rb6 33.Nxe7 Rxd6 34.Rxb7 
Rd3 35.Nxf5+ Kh8 36.Rb8+ Kh7 37.Rb7+ Kg8 38.Ne7+ Kf7 39.Nd5+ Kf8 40.Rb8+ 
Kf7 41.Rb7+ Kg8 42.Ne7+ Kh7 43.Nd5+ Kh8 44.Nf6 Rc3 45.Rh7# 1-0

[Event "79th POL-ch"]
[Site "Kruszwica POL"]
[Date "2022.05.11"]
[Round "2.1"]
[White "Janik, Igor"]
[Black "Szpar, Milosz"]
[Result "1/2-1/2"]
[WhiteElo "2525"]
[BlackElo "2434"]
[EventDate "2022.05.11"]
[PlyCount "64"]

1.c4 e5 2.Nc3 Nf6 3.Nf3 Nc6 4.e3 Bb4 5.Qc2 Bxc3 6.Qxc3 Qe7 7.d4 Ne4 8.Qd3 
exd4 9.Nxd4 O-O 10.Be2 Qb4+ 11.Kf1 Qe7 12.f3 f5 13.Qd1 Nc5 14.Qd2 a5 15.
Nxc6 dxc6 16.b3 b6 17.Qc3 Bb7 18.Kf2 Rf6 19.Rd1 Re8 20.Kg1 Rh6 21.Bf1 Qh4 
22.h3 Qg3 23.Bb2 Rhe6 24.Qe1 Qxe1 25.Rxe1 Rxe3 26.Rxe3 Rxe3 27.Bd4 Re8 28.
Bxc5 bxc5 29.Rd1 Kf7 30.Rd7+ Re7 31.Rxe7+ Kxe7 32.f4 Bc8 1/2-1/2

[Event "79th POL-ch"]
[Site "Kruszwica POL"]
[Date "2022.05.12"]
[Round "2.2"]
[White "Szpar, Milosz"]
[Black "Janik, Igor"]
[Result "1/2-1/2"]
[WhiteElo "2434"]
[BlackElo "2525"]
[EventDate "2022.05.11"]
[PlyCount "56"]

1.e4 e5 2.Nf3 Nc6 3.Nc3 Nf6 4.d4 exd4 5.Nxd4 Bb4 6.Nxc6 bxc6 7.Bd3 d5 8.
Bd2 O-O 9.O-O Rb8 10.Re1 Re8 11.exd5 Rxe1+ 12.Qxe1 cxd5 13.a3 Bf8 14.b4 c5
15.bxc5 Bxc5 16.Be3 Bb6 17.Bxb6 Rxb6 18.Rb1 Be6 19.Rb4 a5 20.Rb5 Rxb5 21.
Nxb5 Bd7 22.Nd4 Qb6 23.Qc3 g6 24.h3 Qb1+ 25.Kh2 Qb8+ 26.Kg1 Qb1+ 27.Kh2 
Qb8+ 28.Kg1 Qb1+ 1/2-1/2

[Event "79th POL-ch"]
[Site "Kruszwica POL"]
[Date "2022.05.12"]
[Round "2.3"]
[White "Szpar, Milosz"]
[Black "Janik, Igor"]
[Result "1-0"]
[WhiteElo "2434"]
[BlackElo "2525"]
[EventDate "2022.05.11"]
[PlyCount "87"]

1.e4 e5 2.Nf3 Nc6 3.Bb5 a6 4.Ba4 d6 5.O-O Bd7 6.c3 g6 7.d4 Bg7 8.Re1 b5 9.
Bc2 exd4 10.cxd4 Bg4 11.Be3 Bxf3 12.gxf3 Nge7 13.Nc3 O-O 14.f4 d5 15.e5 
Qd7 16.Ne2 Nd8 17.Kh1 f5 18.Rc1 Ne6 19.Bb3 Rfd8 20.Ng3 Bh6 21.Qf3 a5 22.a3
b4 23.a4 Kh8 24.Ne2 Nc8 25.Bc2 Nb6 26.b3 Rac8 27.Bd3 c6 28.Rc2 Rc7 29.Rec1
Bf8 30.h4 Rdc8 31.h5 Qe8 32.Qh3 Ng7 33.Ng3 Kg8 34.Rg1 Kf7 35.h6 Ne6 36.
Nxf5 c5 37.Nd6+ Bxd6 38.exd6 cxd4 39.f5 Nf8 40.fxg6+ Nxg6 41.Rxc7+ Rxc7 
42.Bxd4 Rc6 43.Qf5+ Kg8 44.Qf6 1-0

[Event "79th POL-ch"]
[Site "Kruszwica POL"]
[Date "2022.05.12"]
[Round "2.4"]
[White "Janik, Igor"]
[Black "Szpar, Milosz"]
[Result "1/2-1/2"]
[WhiteElo "2525"]
[BlackElo "2434"]
[EventDate "2022.05.11"]
[PlyCount "103"]

1.e4 c5 2.Nc3 d6 3.d4 cxd4 4.Qxd4 Nc6 5.Qd2 g6 6.b3 Bh6 7.f4 Nf6 8.Bb2 O-O
9.O-O-O e5 10.g3 Nd4 11.Kb1 Re8 12.Bg2 Bg4 13.Rf1 b5 14.h3 Bd7 15.g4 Bg7 
16.f5 Rc8 17.Rc1 b4 18.Nce2 Nxe2 19.Nxe2 Bc6 20.Ng3 d5 21.Qxb4 Bh6 22.Rcd1
d4 23.Bc1 Bf8 24.Qd2 a5 25.Rhf1 Bb5 26.Rf3 Rc6 27.Bf1 Qb6 28.Bxb5 Qxb5 29.
Qd3 Qb6 30.Bb2 Rec8 31.Rc1 Bh6 32.c4 Bxc1 33.Kxc1 a4 34.Nf1 axb3 35.axb3 
Nd7 36.Nd2 Nc5 37.Qf1 g5 38.h4 d3 39.Rxd3 Nxd3+ 40.Qxd3 Rd6 41.Qg3 Rcd8 
42.Bc3 f6 43.Kc2 Rd3 44.Qe1 Qa7 45.Kb2 Rxc3 46.Kxc3 Qd4+ 47.Kc2 Qd3+ 48.
Kd1 Qxb3+ 49.Ke2 Qd3+ 50.Kd1 Qb3+ 51.Ke2 Qd3+ 52.Kd1 1/2-1/2

[Event "79th POL-ch"]
[Site "Kruszwica POL"]
[Date "2022.05.11"]
[Round "2.1"]
[White "Kosakowski, Jakub"]
[Black "Nasuta, Grzegorz"]
[Result "1-0"]
[WhiteElo "2435"]
[BlackElo "2511"]
[EventDate "2022.05.11"]
[PlyCount "75"]

1.e4 c5 2.Nf3 d6 3.d4 cxd4 4.Nxd4 Nf6 5.Nc3 a6 6.Be2 e5 7.Nb3 Be7 8.O-O 
O-O 9.Qd3 Be6 10.Bd2 Qc7 11.a4 Nbd7 12.Nd5 Bxd5 13.exd5 Rfc8 14.c4 a5 15.
Rac1 Re8 16.Qh3 Bf8 17.g4 g6 18.Qg2 Nc5 19.Nxc5 Qxc5 20.Rc3 Nd7 21.Rh3 Bg7
22.Qg3 e4 23.b3 b6 24.Qh4 Nf8 25.Kg2 Ra7 26.Bg5 Rb7 27.Bd1 Qd4 28.Be3 Qb2 
29.Re1 Bd4 30.Re2 Qa1 31.Ra2 Qxa2 32.Bxd4 Qd2 33.Qf6 Re5 34.Be3 Qxd1 35.
Bh6 Qxg4+ 36.Rg3 Qf3+ 37.Rxf3 exf3+ 38.Kf1 1-0

[Event "79th POL-ch"]
[Site "Kruszwica POL"]
[Date "2022.05.12"]
[Round "2.2"]
[White "Nasuta, Grzegorz"]
[Black "Kosakowski, Jakub"]
[Result "1-0"]
[WhiteElo "2511"]
[BlackElo "2435"]
[EventDate "2022.05.11"]
[PlyCount "77"]

1.e4 e5 2.Nf3 Nc6 3.Bc4 Bc5 4.O-O Nf6 5.d3 d6 6.c3 a5 7.Re1 O-O 8.h3 h6 9.
Bb3 Re8 10.d4 Bb6 11.Bc2 exd4 12.cxd4 Nb4 13.Nc3 Nxc2 14.Qxc2 d5 15.e5 Ne4
16.Be3 Bf5 17.Nd2 Qd7 18.Ndxe4 dxe4 19.Nxe4 Bg6 20.Rad1 Qd5 21.f3 Qxa2 22.
d5 Rxe5 23.Bxb6 cxb6 24.d6 Rc5 25.Qd2 Rcc8 26.Nc3 Qc4 27.Nd5 Rd8 28.Nxb6 
Qc5+ 29.Qe3 Qxe3+ 30.Rxe3 Ra6 31.d7 Kf8 32.Rc1 Bf5 33.Rc8 Rxc8 34.dxc8=Q+ 
Bxc8 35.Nxc8 Rc6 36.Na7 Rb6 37.b3 Re6 38.Kf2 Ke7 39.Nb5 1-0

[Event "79th POL-ch"]
[Site "Kruszwica POL"]
[Date "2022.05.12"]
[Round "2.3"]
[White "Nasuta, Grzegorz"]
[Black "Kosakowski, Jakub"]
[Result "1/2-1/2"]
[WhiteElo "2511"]
[BlackElo "2435"]
[EventDate "2022.05.11"]
[PlyCount "101"]

1.e4 e5 2.Nf3 Nc6 3.Bc4 Bc5 4.O-O Nf6 5.d3 d6 6.c3 a5 7.Re1 O-O 8.h3 h6 9.
Nbd2 Be6 10.Bb5 Nd7 11.Ba4 Ba7 12.Nf1 Nc5 13.Bxc6 bxc6 14.d4 exd4 15.Nxd4 
Bd7 16.Ng3 Re8 17.Qf3 Rb8 18.Re2 Qe7 19.b3 Qf8 20.Nh5 f6 21.Bd2 Qf7 22.
Rae1 Re5 23.Ng3 Ne6 24.Qd3 a4 25.Nf3 Reb5 26.b4 c5 27.Nf5 cxb4 28.cxb4 
Rxb4 29.Bxb4 Rxb4 30.Qc3 Bc5 31.Rb2 Rxb2 32.Qxb2 Nf4 33.Qd2 Ng6 34.Ne3 Be6
35.Nd5 c6 36.Nc3 a3 37.Na4 Bxa2 38.Nxc5 dxc5 39.Ra1 Be6 40.Rxa3 Qc7 41.Rc3
Qb6 42.Qd6 Bf7 43.e5 Nf4 44.Qxc5 Qb1+ 45.Kh2 Qf1 46.Nh4 Ne2 47.f3 Qe1 48.
Rc2 Qg3+ 49.Kh1 Qe1+ 50.Kh2 Qg3+ 51.Kh1 1/2-1/2